000 00251nam a22001217a 4500
082 _a823
_bPED/V
100 _aPEDIGREE BOOKS
245 _aTHE NO.1 FOOTBALL ANNUAL
260 _bPEDIGREE
300 _a77
650 _aENGLISH SHORT STORY
942 _cBK
999 _c3084
_d3084